000 00367nam a2200133Ia 4500
008 220217s9999||||xx |||||||||||||| ||und||
020 _a81-7808-450-3
082 _a004.65 DEI
100 _aDeitel, H.M Deitel, P.J. etal.
_92100
245 0 _aXML how to program
260 _aPearson education asia
_bDelhi
_c2001
300 _b550
650 _aCOMPUTER NETWORK
999 _c168246
_d168246